00651nam a2200229 a 4500001001300000003000900013005001700022008004100039020001000080082001300090245001800103260003900121300000800160500003500168505001000203650003400213710003000247902000800277942000700285952011400292999001500406nice12345678IN_TiNIC20260116012646.0050524s0000 sera grp 000 0 eng  ac10000a027bSER aCarey Library aSeramporebSerampore Collegec0000 a11p aincludes index and biblioraphy2 aIndex aManuscripts-Library-Catalogue2 aSerampore College Council bSRS cBK 001040708StackRoom-aHMIbHMId2007-03-15g100.00l0o027 SERp010145r2007-03-15v100.00w2005-05-24yBK c7837d7837